Tiếng Anh lỗi thường gặp phân tích và giải đáp /
Sách sẽ giúp bạn rèn luyện khả năng nói, viết tiếng Anh chuẩn mực và đúng với tập quán biểu đạt của người Anh, thông qua việc phân tích những lỗi thường mắc phải trong quá trình làm các bài luyện tập hoặc trong hoạt động giao tiếp....
Shranjeno v:
| Glavni avtor: | |
|---|---|
| Drugi avtorji: | , , |
| Format: | Knjiga |
| Jezik: | English |
| Izdano: |
Hà Nội :
Giáo dục,
1993.
|
| Teme: | |
| Oznake: |
Označite
Brez oznak, prvi označite!
|
| Thư viện lưu trữ: | Mạng thư viện Đại học Đà Nẵng |
|---|
| LEADER | 01299cam a2200361 i 4500 | ||
|---|---|---|---|
| 001 | 000044078 | ||
| 003 | 2293 | ||
| 005 | 20030916103459.0 | ||
| 008 | 010217b1993 vm 000 eng | ||
| 022 | |a T2 | ||
| 040 | |a IRC |c IRC |d IRC | ||
| 041 | 0 | |a eng | |
| 082 | 1 | 4 | |a 425 |b CA-C |
| 100 | 1 | |a Cao Văn Chí. | |
| 245 | 0 | 0 | |a Tiếng Anh lỗi thường gặp phân tích và giải đáp / |c Cao Văn Chí, Vương Khánh Vân ; Nguyễn Văn Mậu, Nguyễn Quốc Siêu dịch. |
| 260 | |a Hà Nội : |b Giáo dục, |c 1993. | ||
| 300 | |a 436tr. ; |c 20,5cm. | ||
| 520 | 3 | |a Sách sẽ giúp bạn rèn luyện khả năng nói, viết tiếng Anh chuẩn mực và đúng với tập quán biểu đạt của người Anh, thông qua việc phân tích những lỗi thường mắc phải trong quá trình làm các bài luyện tập hoặc trong hoạt động giao tiếp. | |
| 630 | 0 | 4 | |a Anh ngữ. |
| 650 | 0 | 4 | |a Anh ngữ. |
| 700 | 1 | |a Vương Khánh Vân. | |
| 700 | 1 | |a Nguyễn Văn Mậu, |e dịch. | |
| 700 | 1 | |a Nguyễn Quốc Siêu, |e dịch. | |
| OWN | |a DUT | ||
| 999 | |a From the UDN01 | ||
| TYP | |a Monograph | ||
| TYP | |a Printed language | ||
| 980 | |a Mạng thư viện Đại học Đà Nẵng | ||